Cost Accounting: principles and procedural application v.2 (Record no. 14931)
[ view plain ]
| 000 -LEADER | |
|---|---|
| fixed length control field | 00441nam a22001577a 4500 |
| 003 - CONTROL NUMBER IDENTIFIER | |
| control field | URS |
| 005 - DATE AND TIME OF LATEST TRANSACTION | |
| control field | 20251008150328.0 |
| 008 - FIXED-LENGTH DATA ELEMENTS--GENERAL INFORMATION | |
| fixed length control field | 180103b xxu||||| |||| 00| 0 eng d |
| 040 ## - CATALOGING SOURCE | |
| Transcribing agency | urs |
| 050 ## - LIBRARY OF CONGRESS CALL NUMBER | |
| Classification number | FIL HF 5686 C8 G937 |
| 245 ## - TITLE STATEMENT | |
| Title | Cost Accounting: principles and procedural application v.2 |
| 264 ## - PRODUCTION, PUBLICATION, DISTRIBUTION, MANUFACTURE, AND COPYRIGHT NOTICE | |
| Place of production, publication, distribution, manufacture | Manila: |
| Name of producer, publisher, distributor, manufacturer | GIC ENTERPRISES & CO. INC., |
| Date of production, publication, distribution, manufacture, or copyright notice | [2010] |
| 300 ## - PHYSICAL DESCRIPTION | |
| Extent | vii, 298 pages. |
| 700 ## - ADDED ENTRY--PERSONAL NAME | |
| Relator code | author |
| Personal name | Guerrero, Pedro |
| 942 ## - ADDED ENTRY ELEMENTS (KOHA) | |
| Source of classification or shelving scheme | Library of Congress Classification |
| Koha item type | Foreign Books |
| Withdrawn status | Source of classification or shelving scheme | Damaged status | Not for loan | Collection code | Home library | Current library | Shelving location | Date acquired | Total Checkouts | Full call number | Barcode | Date last seen | Price effective from | Koha item type |
|---|---|---|---|---|---|---|---|---|---|---|---|---|---|---|
| Library of Congress Classification | Non-fiction | Binangonan College Library | Binangonan College Library | General Stacks | 01/03/2018 | FIL HF 5686 C8 G937 | URSBIN-3241 | 01/03/2018 | 01/03/2018 | Foreign Books | ||||
| Library of Congress Classification | Non-fiction | Binangonan College Library | Binangonan College Library | General Stacks | 01/03/2018 | FIL HF 5686 C8 G937 | URSBIN-F2318 | 01/03/2018 | 01/03/2018 | Foreign Books | ||||
| Library of Congress Classification | Binangonan College Library | Binangonan College Library | 10/08/2025 | FIL HF 5686 C8 G937 | URSBIN-3242 | 10/08/2025 | 10/08/2025 | Foreign Books |